000
00309nam a22001337a 4500
008
170321b xxu||||| |||| 00| 0 eng d
020
_a
9780781739108
041
_a
eng
080
_2
2ND
_a
616.12-008-073
100
_a
7
101
_a
SHM
245
_a
EVIDENCE-BASED CARDIOLOGY
_c
SHARIS, P.J
942
_2
udc
_c
BK
999
_c
8211
_d
8211